000
00296nam a22001097a 4500
008
140211t xxu||||| |||| 00| 0 eng d
020
_a
1-55963-093-0
100
_a
Bruce Babbitt
_9
702
245
_a
Cities in the wilderness
_b
a new vision of land use in america
300
2
_a
200 p. ;
942
_2
ddc
_c
BK
999
_c
16961
_d
16961